|
|
|
|
| LEADER |
01000nam a2200313 4500 |
| 001 |
DLU090095801 |
| 005 |
##20091201 |
| 040 |
# |
# |
|a DLU
|b eng
|
| 041 |
# |
# |
|a eng
|
| 044 |
# |
# |
|a uk
|
| 100 |
# |
# |
|a Cadet, Patrice.
|
| 245 |
# |
# |
|a Relationship of nematode communities to human demographics and environment in agricultural fields and fallow lands in Senegal /
|c Patrice Cadet, Emmanuelle Pate, Jean Thioulouse.
|
| 653 |
# |
# |
|a Climatic gradient
|
| 653 |
# |
# |
|a Environmental factors
|
| 653 |
# |
# |
|a Fallow lands
|
| 653 |
# |
# |
|a Human density gradient
|
| 653 |
# |
# |
|a Soil
|
| 700 |
# |
# |
|a Pate, Emmanuelle.
|
| 700 |
# |
# |
|a Thioulouse, Jean.
|
| 773 |
# |
# |
|t Journal of Tropical Ecology
|g Vol. 19, part 3 (May 2003), p. 279-290
|
| 920 |
# |
# |
|a Phòng Tạp chí -- Trung tâm Thông tin - Thư viện Trường Đại học Đà Lạt
|
| 994 |
# |
# |
|a DLU
|
| 900 |
# |
# |
|a True
|
| 911 |
# |
# |
|a Trương Bảo Trâm Anh
|
| 925 |
# |
# |
|a G
|
| 926 |
# |
# |
|a A
|
| 927 |
# |
# |
|a BB
|
| 980 |
# |
# |
|a Thư viện Trường Đại học Đà Lạt
|